MCSE, exam 70-294 : (Record no. 543)
[ view plain ]
| 000 -LEADER | |
|---|---|
| fixed length control field | 01165nac a22002291u 4500 |
| 008 - FIXED-LENGTH DATA ELEMENTS--GENERAL INFORMATION | |
| fixed length control field | 100907s2004 ii |||||r|||| 00| 0 eng d |
| 020 ## - INTERNATIONAL STANDARD BOOK NUMBER | |
| International Standard Book Number | 8120324706 |
| 082 00 - DEWEY DECIMAL CLASSIFICATION NUMBER | |
| Classification number | 005.713769 |
| Item number | JIL |
| Edition number | 22 |
| 100 ## - MAIN ENTRY--PERSONAL NAME | |
| Personal name | Spealman, Jill. |
| 9 (RLIN) | 18484 |
| 245 10 - TITLE STATEMENT | |
| Title | MCSE, exam 70-294 : |
| Remainder of title | planning, implementing, and maintaining a Microsoft Windows Server 2003 Active Directory infrastucture : self-paced training kit / |
| Statement of responsibility, etc | Jill Spealman, Kurt Hudson, and Melissa Craft. |
| 246 30 - VARYING FORM OF TITLE | |
| Title proper/short title | Windows Server 2003 Active Directory infrastucture |
| 246 30 - VARYING FORM OF TITLE | |
| Title proper/short title | MCSE Microsoft planning, implementing, and maintaining a Windows Server 2003 Active Directory infrastucture |
| 260 ## - PUBLICATION, DISTRIBUTION, ETC. (IMPRINT) | |
| Place of publication, distribution, etc | New Delhi : |
| Name of publisher, distributor, etc | Prentice Hall of India, |
| Date of publication, distribution, etc | 2004. |
| 300 ## - PHYSICAL DESCRIPTION | |
| Extent | 1 v. (various pagings) : |
| Other physical details | ill. ; |
| Dimensions | 24 cm. + |
| Accompanying material | 1 CD-ROM (4 3/4 in.) |
| 500 ## - GENERAL NOTE | |
| General note | Includes index. |
| 650 #0 - SUBJECT ADDED ENTRY--TOPICAL TERM | |
| Topical term or geographic name as entry element | Electronic data processing personnel |
| General subdivision | Certification. |
| 9 (RLIN) | 18485 |
| 650 #0 - SUBJECT ADDED ENTRY--TOPICAL TERM | |
| Topical term or geographic name as entry element | Microsoft software |
| General subdivision | Examinations |
| Form subdivision | Study guides. |
| 9 (RLIN) | 18486 |
| 650 #0 - SUBJECT ADDED ENTRY--TOPICAL TERM | |
| Topical term or geographic name as entry element | Directory services (Computer network technology) |
| General subdivision | Examinations |
| Form subdivision | Study guides. |
| 9 (RLIN) | 18487 |
| 700 1# - ADDED ENTRY--PERSONAL NAME | |
| Personal name | Hudson, Kurt. |
| 9 (RLIN) | 18488 |
| 700 1# - ADDED ENTRY--PERSONAL NAME | |
| Personal name | Craft, Melissa. |
| 9 (RLIN) | 18489 |
| 942 ## - ADDED ENTRY ELEMENTS (KOHA) | |
| Item type | Book - Borrowing |
| Call number prefix | 005.713769S7412 |
| Source of classification or shelving scheme | Dewey Decimal Classification |
| Withdrawn status | Item status | Source of classification or shelving scheme | Damaged status | Not for loan | Vendor | Home library | Current library | Shelving location | Date acquired | Source of acquisition | Cost, normal purchase price | Total Checkouts | Full call number | Barcode | Date last seen | Cost, replacement price | Koha item type |
|---|---|---|---|---|---|---|---|---|---|---|---|---|---|---|---|---|---|
| Dewey Decimal Classification | Central Library | Central Library | Lower Floor | 17/07/2006 | 280.00 | 005.713769 SPE | 000004076 | 15/07/2025 | 350.00 | Book - Borrowing |